<?xml version="1.0" encoding="UTF-8"?><?xml-stylesheet type="text/xsl" href="static/style.xsl"?><OAI-PMH xmlns="http://www.openarchives.org/OAI/2.0/" xmlns:xsi="http://www.w3.org/2001/XMLSchema-instance" xsi:schemaLocation="http://www.openarchives.org/OAI/2.0/ http://www.openarchives.org/OAI/2.0/OAI-PMH.xsd"><responseDate>2026-04-27T21:23:40Z</responseDate><request verb="GetRecord" identifier="oai:uvadoc.uva.es:10324/80342" metadataPrefix="marc">https://uvadoc.uva.es/oai/request</request><GetRecord><record><header><identifier>oai:uvadoc.uva.es:10324/80342</identifier><datestamp>2025-12-04T20:03:24Z</datestamp><setSpec>com_10324_1137</setSpec><setSpec>com_10324_931</setSpec><setSpec>com_10324_894</setSpec><setSpec>col_10324_1224</setSpec></header><metadata><record xmlns="http://www.loc.gov/MARC21/slim" xmlns:doc="http://www.lyncode.com/xoai" xmlns:xsi="http://www.w3.org/2001/XMLSchema-instance" xmlns:dcterms="http://purl.org/dc/terms/" xsi:schemaLocation="http://www.loc.gov/MARC21/slim http://www.loc.gov/standards/marcxml/schema/MARC21slim.xsd">
<leader>00925njm 22002777a 4500</leader>
<datafield tag="042" ind1=" " ind2=" ">
<subfield code="a">dc</subfield>
</datafield>
<datafield tag="720" ind1=" " ind2=" ">
<subfield code="a">Lavín González, Paz</subfield>
<subfield code="e">author</subfield>
</datafield>
<datafield tag="720" ind1=" " ind2=" ">
<subfield code="a">Manso Alonso, María Teresa</subfield>
<subfield code="e">author</subfield>
</datafield>
<datafield tag="720" ind1=" " ind2=" ">
<subfield code="a">Bello, J.M.</subfield>
<subfield code="e">author</subfield>
</datafield>
<datafield tag="720" ind1=" " ind2=" ">
<subfield code="a">Ruiz Mantecón, Ángel</subfield>
<subfield code="e">author</subfield>
</datafield>
<datafield tag="260" ind1=" " ind2=" ">
<subfield code="c">2024</subfield>
</datafield>
<datafield tag="520" ind1=" " ind2=" ">
<subfield code="a">La gestión de la mano de obra en las granjas de pequeños rumiantes, principalmente&#xd;
las de orientación láctea es, en la actualidad, una preocupación y un reto para el sector. Ser&#xd;
competitivo en la captación de trabajadores, que perduren en el tiempo y atraiga a jóvenes,&#xd;
requiere ofrecer elevados niveles de calidad en las condiciones del trabajo. Además del&#xd;
sueldo, otros aspectos como la jornada continua, la automatización, las tareas definidas, los&#xd;
descansos u otros incentivos que influyan en la calidad de trabajo y de vida adquieren gran&#xd;
importancia, sin olvidar la garantía de servicios en el medio rural acorde con las demandas de&#xd;
la sociedad actual.</subfield>
</datafield>
<datafield tag="520" ind1=" " ind2=" ">
<subfield code="a">The personnel management on small ruminant farms, mainly dairy-oriented ones, is&#xd;
currently a concem and challenge for the sector. Being competitive in attracting workers,&#xd;
requires offering high levels of quality in working conditions where, in addition to salary,&#xd;
other aspects such as continuous work hours, automation, defined tasks, become important.&#xd;
breaks or other incentives that influence the quality of work and life, without forgetting to&#xd;
guarantee services in rural areas in line with the demand of today's society.</subfield>
</datafield>
<datafield tag="024" ind2=" " ind1="8">
<subfield code="a">XLVII Congreso Nacional y XXIII Internacional de la Sociedad Española de Ovinotecnia y Caprinotecnia. Valencia: SEOC, 2024.</subfield>
</datafield>
<datafield tag="024" ind2=" " ind1="8">
<subfield code="a">978-84-09-64701-9</subfield>
</datafield>
<datafield tag="024" ind2=" " ind1="8">
<subfield code="a">https://uvadoc.uva.es/handle/10324/80342</subfield>
</datafield>
<datafield tag="245" ind1="0" ind2="0">
<subfield code="a">Situación actual de la mano de obra en las granjas de pequeños rumiantes: estrategias para hacer atractivo el trabajo</subfield>
</datafield>
</record></metadata></record></GetRecord></OAI-PMH>